Los siete locos /

Guardado en:
Autor Principal: Arlt, Roberto
Otros Autores: Arlt, Mirta, pról.
Formato: Libro
Publicado: Buenos Aires : Losada, 1999
Edición:15a. ed.
Series:Biblioteca Clásica y Contemporánea
Materias:
Etiquetas: Agregar Etiqueta
Sin Etiquetas, Sea el primero en etiquetar este registro!
LEADER 00861nam a22002655a 4500
001 CEM.cems010295
005 20080523120719.0
008 130507s1999##################000#0#####d
003 CEMS
020 |a 9500300362 
082 0 4 |a A863.4 
100 1 |a Arlt, Roberto 
245 1 0 |a Los siete locos /  |c Roberto Arlt ; prólogo de Mirta Arlt 
250 |a 15a. ed. 
260 |a Buenos Aires :  |b Losada,  |c 1999 
300 |a 239 p. 
490 0 |a Biblioteca Clásica y Contemporánea 
653 |a Literatura 
653 |a Literatura argentina-siglo 20 
653 |a Novelas 
653 |a Novela argentina 
700 1 |a Arlt, Mirta, pról. 
859 |a CEMS  |b BIB. CEMS - 11 de abril  |h A863.4  |i Ar75-3a15  |p 15493.89  |t Ej.2 
859 |a CEMS  |b BIB. CEMS - 11 de abril  |h A863.4  |i Ar75-3a15  |p 20858.00  |t Ej.1 
859 |a CEMS  |b BIB. CEMS - 11 de abril  |h A863.4  |i Ar75-3a15  |p 25231.08  |t Ej.3